000 01114nam a22002777a 4500
005 2011110100520.0
008 111101t xxu||||| |||| 00| 0 eng d
010 _aENG-104000
020 _a9788120344143
_c895.00
035 _aEN-87533
037 _bDBAD/PUB
040 _aDPL
_bEng
082 0 0 _a551.46
_222
100 1 _aTrujillo, Alan P.
_935619
245 1 0 _aEssentials of oceanography /
_cby Alan P. Trujillo [and] Harold V. Thurman
250 _a10th ed
260 _aNew Delhi
_bPHI Learning
_c2012
270 _aM-97, Connaught Circus
_bNew Delhi
_e110001
300 _axxv, 551 p. :
_bill. (chiefly col.), maps (chiefly col.)
_c28cm (pbk)
500 _aIncludes bibliographical references and index.
650 0 _aOceanography
_vTextbooks.
_935620
700 1 _aThurman, Harold V.
_935621
942 _2ddc
_cEN
_h551.46
_mTRU
999 _c57936
_d57936